00629nam a22002177a 450000500170000001000130001702000220003003500130005203700160006504000120008108200150009310000220010824500670013025000170019726000440021427000390025830000310029750000510032865000130037965000190039220170124110012.0 aA-902781 a8170143136c95.00 aA-902781 bCen Lib/Ret aDPLbEN a332.1bSUN aSundharam, K.P.M. aMoney, banking and international trade /cby K.P.M. Sundharam  a34th rev. ed aNew DelhibSultan Chand and Sons c1959 a23, Dariya ganjbNew Delhie110002 avarious pagings c21cm(Hb) aIncludes bibliographical references and index  aBanking  aRural banking